[Event "ROM-ch U08"]
[Site "Calimanesti Caciulata"]
[Date "2016.04.18"]
[Round "1"]
[White "Coltan, Rares Dimitri"]
[Black "Mihaila, Andrei"]
[Result "0-1"]
[WhiteElo "1001"]
[BlackElo "1186"]
[PlyCount "78"]
[EventDate "2016.04.18"]
[EventType "swiss"]
[EventRounds "9"]
[EventCountry "ROU"]
[SourceTitle "CBM 172 Extra"]
[Source "ChessBase"]
[SourceDate "2016.06.21"]
[SourceVersion "1"]
[SourceVersionDate "2016.06.21"]
[SourceQuality "1"]

1. e4 e5 2. Nf3 Nc6 3. Bb5 Bd6 4. Bxc6 dxc6 5. 0-0 Nf6 6. d4 Qe7 7. Bg5 0-0 8. Bxf6 Qxf6 9. dxe5 Bxe5 10. Nxe5 Rd8 11. Qh5 g6 12. Qf3 Qxe5 13. Nc3 Be6 14. Rad1 Bc4 15. Rxd8+ Rxd8 16. Rd1 Rxd1+ 17. Qxd1 b5 18. Qd8+ Kg7 19. g3 b4 20. Nd1 Qxe4 21. c3 Bd5 22. Kf1 Qd3+ 23. Ke1 Qe4+ 24. Ne3 bxc3 25. bxc3 Qb1+ 26. Nd1 Qxa2 27. Qxc7 Bc4 28. Qe5+ f6 29. Qe7+ Kh6 30. Qe3+ g5 31. Qd2 Qa5 32. Ne3 Bb3 33. Nd1 Qe5+ 34. Ne3 Qe4 35. Qb2 Qh1+ 36. Nf1 Bc4 37. Qb8 Qxf1+ 38. Kd2 Qd3+ 39. Ke1 Qe2# 0-1

[Event "ROM-ch U08"]
[Site "Calimanesti"]
[Date "2015.04.02"]
[Round "5"]
[White "Meca, Rares Stefan"]
[Black "Mihaila, Andrei"]
[Result "0-1"]
[WhiteElo "1066"]
[BlackElo "1001"]
[PlyCount "62"]
[EventDate "2015.03.30"]
[EventType "swiss"]
[EventRounds "9"]
[EventCountry "ROU"]
[SourceTitle "CBM 165 Extra"]
[Source "ChessBase"]
[SourceDate "2015.04.21"]
[SourceVersion "1"]
[SourceVersionDate "2015.04.21"]
[SourceQuality "1"]

1. e4 e5 2. Qf3 Nf6 3. g4 d5 4. Qd3 Bxg4 5. Bg2 c6 6. Nf3 Bxf3 7. Bxf3 Be7 8. Nc3 dxe4 9. Qxd8+ Bxd8 10. Bg2 0-0 11. 0-0 Nbd7 12. Re1 Nc5 13. d3 exd3 14. cxd3 Nxd3 15. Re3 Nxc1 16. Rxc1 Nd5 17. Nxd5 cxd5 18. Bxd5 Bg5 19. Rxe5 Bxc1 20. Bxb7 Bxb2 21. Rb5 Bd4 22. Bxa8 Rxa8 23. Kg2 a6 24. Rd5 Bf6 25. Rc5 h6 26. Kg3 g5 27. Kg4 Kg7 28. Kh5 Rd8 29. Ra5 Rd4 30. Rxg5+ Bxg5 31. f4 Bxf4 0-1

[Event "ROM-ch U08"]
[Site "Calimanesti"]
[Date "2015.04.02"]
[Round "4"]
[White "Mihaila, Andrei"]
[Black "Chiculita, Cristian"]
[Result "0-1"]
[WhiteElo "1001"]
[BlackElo "1100"]
[PlyCount "68"]
[EventDate "2015.03.30"]
[EventType "swiss"]
[EventRounds "9"]
[EventCountry "ROU"]
[SourceTitle "CBM 165 Extra"]
[Source "ChessBase"]
[SourceDate "2015.04.21"]
[SourceVersion "1"]
[SourceVersionDate "2015.04.21"]
[SourceQuality "1"]

1. e4 c5 2. Nc3 d6 3. Nf3 Nf6 4. d4 cxd4 5. Nxd4 g6 6. Bc4 Bg7 7. 0-0 Nc6 8. Nxc6 bxc6 9. h3 0-0 10. Bg5 Rb8 11. b3 Bb7 12. Rb1 e5 13. Bxf6 Bxf6 14. Kh1 Qd7 15. Kg1 Rfe8 16. Re1 Rbd8 17. Rc1 d5 18. Be2 d4 19. Nb1 c5 20. Bg4 Qd6 21. Na3 Ba6 22. Nc4 Bxc4 23. bxc4 Bg5 24. Rb1 Rb8 25. Re2 Rxb1 26. Qxb1 Rb8 27. Qd1 Rb2 28. c3 Rxe2 29. Bxe2 Qd8 30. cxd4 cxd4 31. Qa4 d3 32. Bd1 Qa8 33. Qd7 Qxe4 34. Qd8+ Bxd8 0-1